000 01767nam a2200493 i 4500
001 55028
003 KOSZ 005
005 20211021135745.0
008 120521s2007 pl a f f |000 0 pol
015 _aUWD 2008/9953
020 _a9788372424266
035 _a991040859839705066
035 _a(PL-WaBN)b20913643-48omnis_nlop
035 _ab20913643
035 _a(OCoLC)750105451
035 _azz2007979173
035 _a(PL)b0000002091364
035 _a(EXLNZ-48OMNIS_NETWORK)9910397124205606
040 _aWA N
_cWA N
_dKOSZ 005/HR
046 _k2007
080 _a628.1
100 1 _aBudziło, Barbara
_eAutor
245 1 0 _aProjektowanie ujęć wody powierzchniowej :
_bpodręcznik dla studentów wyższych szkół technicznych /
_cBarbara Budziło, Artur Wieczysty ; Politechnika Krakowska im. Tadeusza Kościuszki.
250 _aWyd. 2.
260 _aKraków :
_bWydawnictwo PK,
_c2007.
300 _a242, [1] s., [3] k. tabl. złoż. :
_bil. ;
_c24 cm.
336 _aTekst
_btxt
_2rdacontent
337 _aBez urządzenia pośredniczącego
_bn
_2rdamedia
338 _aWolumin
_bnc
_2rdacarrier
380 _aKsiążki
385 _aSzkoły wyższe
_mPoziom nauczania
388 _a2001-
504 _aBibliogr. s. 238-[243].
650 7 _aUjęcia wody
_2DBN
650 7 _aProjektowanie
650 7 _aWody śródlądowe
_2DBN
655 7 _aPodręczniki akademickie
_2DBN
658 _aInżynieria i technika
700 1 _aWieczysty, Artur
_d(1929-2001)
_eAutor
710 2 _aWydawnictwo Politechniki Krakowskiej
_4pbl
856 _uhttp://koha.tu.koszalin.pl/cgi-bin/koha/opac-detail.pl?biblionumber=55028
_yKatalog online BPK
942 _2UKD
_cKS
999 _c55028
_d55028